00252nam a2200097Ia 4500008004100000100003000041245002700071260003000098260000900128999001700137170620s9999 xx 000 0 und d aPandey- Ramshakal (Hindi) 0aMulya Shikshan (Hindi) bAgra- Vinod Pustak Mandir c1991 c23628d23628